[Event "Olomouc Chess Summer 2017 - open"]
[Site "Olomouc (CZE)"]
[Date "2017.08.15"]
[Round "5"]
[White "Vitak, Jiri"]
[Black "Yanjinlkham, Bayarsaikhan"]
[Result "1/2-1/2"]
[WhiteElo "2086"]
[BlackElo "1988"]
[PlyCount "92"]
[EventDate "2017.??.??"]

1. d4 d5 2. c4 c6 3. Nc3 Nf6 4. Nf3 a6 5. cxd5 cxd5 6. Bf4 Nc6 7. e3 Bg4 8. Be2
e6 9. O-O Bxf3 10. Bxf3 Bd6 11. Bxd6 Qxd6 12. Rc1 O-O 13. Qd3 g6 14. Rfd1 Rfd8
15. Qb1 Rac8 16. Na4 Rc7 17. Nc5 Qe7 18. b4 Rdc8 19. a3 Ne8 20. Rc2 Nd6 21. Be2
Nb8 22. Rdc1 b5 23. Qb3 Rc6 24. Rd1 Nd7 25. Bd3 Nf6 26. f3 e5 27. dxe5 Qxe5 28.
Re2 Nf5 29. Bxf5 Qxf5 30. Qd3 Qe5 31. Qd4 Qe7 32. Ree1 Nd7 33. Nxd7 Qxd7 34.
Qxd5 Qxd5 35. Rxd5 Rc3 36. Re2 Rxa3 37. Rd4 Rb3 38. e4 Rc4 39. Rd8+ Kg7 40. e5
Rcxb4 41. Rd7 Rb1+ 42. Kf2 Kf8 43. e6 fxe6 44. Rxe6 R4b2+ 45. Kg3 Rg1 46. Rxa6
Rgxg2+ 1/2-1/2

[Event "Olomouc Chess Summer 2017 - open"]
[Site "Olomouc (CZE)"]
[Date "2017.08.15"]
[Round "5"]
[White "Trevelyan, John"]
[Black "Kalinowska, Zuzanna"]
[Result "0-1"]
[WhiteElo "2047"]
[BlackElo "1896"]
[PlyCount "82"]
[EventDate "2017.??.??"]

1. d4 Nf6 2. c4 e6 3. Nf3 b6 4. g3 Bb7 5. Bg2 c5 6. O-O Be7 7. Nc3 cxd4 8. Nxd4
Bxg2 9. Kxg2 O-O 10. Qd3 Nc6 11. b3 Bc5 12. Nxc6 dxc6 13. Qf3 Qc7 14. Bb2 e5
15. Rad1 Rfe8 16. Ne4 Nxe4 17. Qxe4 Re6 18. Rd3 Rf8 19. g4 Qe7 20. Rh3 g6 21.
Kh1 Ba3 22. Ba1 Qg5 23. Rd1 Bc5 24. Rf3 Bd4 25. Bc3 Qh4 26. Rg3 Bxc3 27. Rxc3
Qxf2 28. Rf3 Qh4 29. Rd7 f5 30. Qe3 f4 31. Qe4 Qxg4 32. Rfd3 Qf5 33. Qxf5 Rxf5
34. Rxa7 Rf7 35. Rdd7 Ref6 36. c5 bxc5 37. Kg2 Rxd7 38. Rxd7 Rf7 39. Rxf7 Kxf7
40. Kf3 g5 41. Ke4 g4 0-1

[Event "Olomouc Chess Summer 2017 - open"]
[Site "Olomouc (CZE)"]
[Date "2017.08.15"]
[Round "5"]
[White "Stigar, Petter"]
[Black "Patil, Mitali Madhukar"]
[Result "1-0"]
[WhiteElo "2236"]
[BlackElo "1959"]
[PlyCount "87"]
[EventDate "2017.??.??"]

1. d4 d5 2. c4 c6 3. Nf3 Nf6 4. Nc3 a6 5. Ne5 Bf5 6. Qb3 Ra7 7. cxd5 cxd5 8.
Bf4 Nbd7 9. Nxd7 Qxd7 10. e3 Qd8 11. Rc1 e6 12. Qa4+ Qd7 13. Bb5 axb5 14. Qxa7
Be7 15. Qb8+ Bd8 16. Qd6 Qxd6 17. Bxd6 Kd7 18. Bb4 Bb6 19. f3 h5 20. Nxb5 Ra8
21. a3 Ne8 22. Kd2 Bd8 23. Ke2 Bb6 24. h3 h4 25. Rhd1 Bg6 26. b3 Bh7 27. Nc3
Nf6 28. Na4 Ra6 29. Rc3 Ba7 30. Rdc1 Rc6 31. Rxc6 bxc6 32. Be1 g5 33. Nc5+ Bxc5
34. Rxc5 Ne8 35. Ra5 Bg6 36. Ra7+ Kc8 37. g3 hxg3 38. Bxg3 f6 39. Kd2 Bf5 40.
a4 Bxh3 41. a5 Bf1 42. a6 Bb5 43. Re7 Kd8 44. Rxe8+ 1-0

[Event "Olomouc Chess Summer 2017 - open"]
[Site "Olomouc (CZE)"]
[Date "2017.08.15"]
[Round "5"]
[White "Mitchell, Martin"]
[Black "Brantjes, Yme"]
[Result "1/2-1/2"]
[WhiteElo "2228"]
[BlackElo "1961"]
[PlyCount "108"]
[EventDate "2017.??.??"]

1. d4 Nf6 2. c4 c5 3. d5 e6 4. Nc3 exd5 5. cxd5 d6 6. e4 g6 7. f3 Bg7 8. Bg5
O-O 9. Qd2 Na6 10. Bd3 Nc7 11. Nge2 a6 12. a4 Rb8 13. a5 b5 14. axb6 Rxb6 15.
O-O Nb5 16. Na4 Rb8 17. Rfc1 Re8 18. Ra2 Bd7 19. Nac3 Qb6 20. Nxb5 Bxb5 21.
Bxb5 Qxb5 22. Nc3 Qb6 23. Rb1 Nd7 24. b3 Rb7 25. Be3 Ra8 26. Rc2 a5 27. Na4 Qb5
28. Rcc1 Rab8 29. h3 Qa6 30. Qc2 Rb4 31. Bd2 Bd4+ 32. Kh1 R4b5 33. Bc3 Be3 34.
Re1 Bf4 35. Nb2 Bg3 36. e5 Bxe5 37. Bxe5 dxe5 38. Nd3 a4 39. bxa4 Rxb1 40. Rxb1
Rxb1+ 41. Qxb1 Qxa4 42. Nxe5 Kg7 43. Nxd7 Qxd7 44. Qa1+ f6 45. Qa8 Qe7 46. f4
Qe1+ 47. Kh2 Qe3 48. Qb7+ Kg8 49. Qb8+ Kg7 50. Qc7+ Kg8 51. h4 h5 52. Qd6 Kf7
53. Qc7+ Kg8 54. Qd8+ Kf7 1/2-1/2

[Event "Olomouc Chess Summer 2017 - open"]
[Site "Olomouc (CZE)"]
[Date "2017.08.15"]
[Round "5"]
[White "Houska, Jiri"]
[Black "Izquierdo Arruferia, Joseba"]
[Result "1-0"]
[WhiteElo "2202"]
[BlackElo "1912"]
[PlyCount "39"]
[EventDate "2017.??.??"]

1. d4 Nf6 2. Nf3 e6 3. c4 Bb4+ 4. Bd2 Bxd2+ 5. Qxd2 Qe7 6. Nc3 Nc6 7. e4 e5 8.
dxe5 Nxe5 9. Be2 d6 10. O-O O-O 11. h3 Ng6 12. Bd3 Be6 13. Rfe1 Qd7 14. Bf1 Nh5
15. Nd4 Nhf4 16. Kh2 Nh5 17. Rad1 Ne5 18. b3 b6 19. f4 Rad8 20. fxe5 1-0

[Event "Olomouc Chess Summer 2017 - open"]
[Site "Olomouc (CZE)"]
[Date "2017.08.15"]
[Round "5"]
[White "Vinay, Kurtkoti"]
[Black "Dvorak, Martin"]
[Result "0-1"]
[WhiteElo "1881"]
[BlackElo "2197"]
[PlyCount "92"]
[EventDate "2017.??.??"]

1. d4 d5 2. Bf4 c5 3. e3 Nf6 4. Nf3 Nc6 5. c3 Bf5 6. Qb3 Qc8 7. Nbd2 e6 8. Ne5
Nxe5 9. Bxe5 c4 10. Qd1 Be7 11. Be2 O-O 12. g4 Bg6 13. h4 Nd7 14. Bg3 f6 15. f4
e5 16. dxe5 fxe5 17. f5 Bf7 18. Nf3 Bc5 19. Bf2 Kh8 20. h5 Qc6 21. Qd2 Rad8 22.
O-O-O Bg8 23. Nh4 h6 24. Ng6+ Kh7 25. Nxf8+ Rxf8 26. Bf3 e4 27. Bxe4 Ne5 28.
Bc2 Nxg4 29. f6+ Kh8 30. fxg7+ Kxg7 31. Rdg1 Be6 32. Qe2 Kh8 33. Rxg4 Bxg4 34.
Qxg4 Rxf2 35. Qg3 Qf6 36. Qb8+ Bf8 37. Qxa7 Qg5 38. Kb1 Rxc2 39. Kxc2 Qg2+ 40.
Kc1 Qxh1+ 41. Kc2 Qxh5 42. a4 Qf5+ 43. Kc1 Qf7 44. a5 h5 45. Kb1 Bg7 46. a6
Qg6+ 0-1

[Event "Olomouc Chess Summer 2017 - open"]
[Site "Olomouc (CZE)"]
[Date "2017.08.15"]
[Round "5"]
[White "Schmid, Thomas"]
[Black "Szotkowski, David"]
[Result "1-0"]
[WhiteElo "2127"]
[BlackElo "1883"]
[PlyCount "85"]
[EventDate "2017.??.??"]

1. e4 c5 2. Nf3 d6 3. Bb5+ Bd7 4. Bxd7+ Qxd7 5. c4 e5 6. Nc3 Ne7 7. O-O g6 8.
d3 Bg7 9. Rb1 O-O 10. b4 cxb4 11. Rxb4 Nbc6 12. Rb2 f5 13. Nd5 Rac8 14. Bg5 h6
15. Bxe7 Nxe7 16. Nxe7+ Qxe7 17. Nd2 b6 18. Rb5 Rc5 19. a4 Kh7 20. Qe2 Qd7 21.
Nb3 Rcc8 22. a5 fxe4 23. Qxe4 bxa5 24. Nxa5 Rb8 25. Rfb1 Rxb5 26. Rxb5 a6 27.
Rb1 Qa7 28. Rf1 h5 29. g3 Bh6 30. Kg2 Qb6 31. Qb7+ Qxb7+ 32. Nxb7 Rf7 33. Nxd6
Rd7 34. c5 Bf8 35. Ne4 Rxd3 36. c6 Bd6 37. Nxd6 Rxd6 38. Rc1 Rd8 39. Kf3 Kg7
40. c7 Rc8 41. Ke4 Kf6 42. Kd5 Ke7 43. Kc6 1-0

[Event "Olomouc Chess Summer 2017 - seniors"]
[Site "Olomouc (CZE)"]
[Date "2017.08.15"]
[Round "5"]
[White "Trojan, Lubos"]
[Black "Pokora, Lubomir"]
[Result "1/2-1/2"]
[WhiteElo "1989"]
[BlackElo "1901"]
[PlyCount "89"]
[EventDate "2017.??.??"]

1. d4 d5 2. Nf3 Bf5 3. e3 e6 4. c4 c6 5. Nc3 Nd7 6. a3 h6 7. Be2 Ngf6 8. h3 Ne4
9. Nxe4 Bxe4 10. Bd2 Be7 11. Bc3 O-O 12. O-O Nf6 13. Nd2 Bg6 14. b4 Ne4 15.
Nxe4 Bxe4 16. f3 Bg6 17. c5 a6 18. Ra2 Qc7 19. Qe1 Bf6 20. f4 Be4 21. Qf2 Qe7
22. Rfa1 Kh8 23. Be1 g6 24. a4 g5 25. fxg5 Bxg5 26. Bf3 Bd3 27. Rd2 Bc4 28. h4
Bf6 29. g4 Rg8 30. Kh1 e5 31. Bd1 Raf8 32. g5 hxg5 33. Bc2 e4 34. Qf5 Qe6 35.
Rf2 Qxf5 36. Rxf5 Rg6 37. h5 Rh6 38. Bd1 Kg7 39. Bg3 Bd8 40. Bg4 f6 41. a5 Rfh8
42. Rg1 Rxh5+ 43. Kg2 R5h6 44. Rf2 Be7 45. Bf5 1/2-1/2

[Event "Olomouc Chess Summer 2017 - seniors"]
[Site "Olomouc (CZE)"]
[Date "2017.08.15"]
[Round "5"]
[White "Skielnik, Joseph J"]
[Black "Heppell, Ian N"]
[Result "1/2-1/2"]
[WhiteElo "1849"]
[BlackElo "2062"]
[PlyCount "68"]
[EventDate "2017.??.??"]

1. d4 d6 2. Bf4 Nd7 3. Nf3 g6 4. e3 Bg7 5. c3 e5 6. Bg3 Qe7 7. Be2 Nh6 8. dxe5
dxe5 9. Na3 O-O 10. O-O Nf5 11. e4 Nxg3 12. hxg3 Nc5 13. Qc2 Bd7 14. Bc4 Rad8
15. Rad1 a6 16. Rfe1 b5 17. Bf1 Bc6 18. Rxd8 Rxd8 19. b4 Ne6 20. Nb1 Bb7 21. a4
c5 22. axb5 axb5 23. Qe2 Bc6 24. Qb2 cxb4 25. cxb4 Nd4 26. Na3 Qb7 27. Nxd4
Rxd4 28. f3 Bf8 29. Nc2 Rd2 30. Re2 Qa7+ 31. Kh2 Rd1 32. Ne3 Rd4 33. Nc2 Rd1
34. Ne3 Rd7 1/2-1/2

[Event "Olomouc Chess Summer 2017 - seniors"]
[Site "Olomouc (CZE)"]
[Date "2017.08.15"]
[Round "5"]
[White "Klimina, Nina"]
[Black "Stokes, Paul C"]
[Result "0-1"]
[WhiteElo "1589"]
[BlackElo "1871"]
[PlyCount "66"]
[EventDate "2017.??.??"]

1. e4 c6 2. Nc3 d5 3. d4 dxe4 4. Nxe4 Bf5 5. Ng3 Bg6 6. Nf3 Nd7 7. Nh4 e6 8.
Nxg6 hxg6 9. Bd3 Ngf6 10. h3 Bd6 11. Qf3 Qc7 12. Ne2 O-O-O 13. c4 Bb4+ 14. Kf1
e5 15. d5 Rhe8 16. Be4 Nxe4 17. Qxe4 Nf6 18. Qd3 cxd5 19. cxd5 Rxd5 20. Qb3 Qd6
21. Be3 Kb8 22. f4 Bc5 23. fxe5 Rexe5 24. Bf4 Rf5 25. Qf3 Rxf4 26. Nxf4 Rf5 27.
g3 g5 28. Rd1 Qa6+ 29. Kg2 gxf4 30. g4 Re5 31. Qxf4 Qe2+ 32. Kg3 Ne4+ 33. Kh4
Bf2+ 0-1

[Event "Olomouc Chess Summer 2017 - seniors"]
[Site "Olomouc (CZE)"]
[Date "2017.08.15"]
[Round "5"]
[White "Zdrazil, Bohumir"]
[Black "Fiala, Jiri"]
[Result "0-1"]
[WhiteElo "1869"]
[BlackElo "1817"]
[PlyCount "94"]
[EventDate "2017.??.??"]

1. Nf3 Nf6 2. d4 e6 3. c4 b6 4. Nc3 Bb4 5. a3 Bxc3+ 6. bxc3 Ne4 7. Qc2 Bb7 8.
Nd2 f5 9. Nxe4 Bxe4 10. Qd1 O-O 11. f3 Bb7 12. h4 d6 13. e3 Nd7 14. a4 a5 15.
Ba3 Qe7 16. Rb1 e5 17. Kf2 Rae8 18. Qd2 Kh8 19. Be2 Bc8 20. Rbg1 Nf6 21. dxe5
Qxe5 22. Qd4 Qe7 23. Bd1 Qf7 24. Bc2 Re5 25. Bc1 Ne4+ 26. Ke1 Ng3 27. Rh2 f4
28. Kf2 Nh5 29. Re1 fxe3+ 30. Rxe3 Rxe3 31. Bxe3 Bf5 32. Bxf5 Qxf5 33. Qd2 Nf6
34. Ke2 Ng4 35. Rh1 Nxe3 36. Kxe3 Qe6+ 37. Kf2 Qxc4 38. h5 h6 39. Re1 Qc5+ 40.
Kf1 Qxh5 41. Re7 Qh1+ 42. Ke2 Qxg2+ 43. Kd3 Qxf3+ 44. Kc2 Qf5+ 45. Kb2 Qc5 46.
Kb3 d5 47. Qg2 Qxe7 0-1

[Event "Olomouc Chess Summer 2017 - seniors"]
[Site "Olomouc (CZE)"]
[Date "2017.08.15"]
[Round "5"]
[White "Lacha, Jan"]
[Black "Klanica, Anton"]
[Result "1/2-1/2"]
[WhiteElo "1783"]
[BlackElo "1729"]
[PlyCount "28"]
[EventDate "2017.??.??"]

1. e4 e6 2. d4 d5 3. Nd2 dxe4 4. Nxe4 Nd7 5. Bg5 Be7 6. Bxe7 Qxe7 7. Qd2 Ngf6
8. Nxf6+ Nxf6 9. Bb5+ Bd7 10. Bxd7+ Nxd7 11. Nf3 O-O 12. O-O Nb6 13. c3 Rfd8
14. Qc2 c6 1/2-1/2

[Event "Olomouc Chess Summer 2017 - GM"]
[Site "Olomouc (CZE)"]
[Date "2017.08.16"]
[Round "6.1"]
[White "Camarena Gimenez 2363, Rufino"]
[Black "Koksal 2360, Ege"]
[Result "1/2-1/2"]
[WhiteElo "2363"]
[BlackElo "2360"]
[PlyCount "65"]
[EventDate "2017.??.??"]

1. d4 Nf6 2. c4 c5 3. d5 e5 4. Nc3 d6 5. e4 Be7 6. Nf3 O-O 7. g3 Ne8 8. Bg2 Bg4
9. h3 Bxf3 10. Qxf3 Bg5 11. Bxg5 Qxg5 12. h4 Qf6 13. Qxf6 Nxf6 14. Bh3 Na6 15.
a3 g6 16. Kd2 Rfb8 17. Rhb1 Kf8 18. b4 Ke7 19. Kd3 Ne8 20. Rb2 b6 21. f4 f6 22.
Bg4 Nac7 23. Rab1 Ng7 24. fxe5 fxe5 25. bxc5 dxc5 26. Rf1 Rf8 27. Rbf2 Rxf2 28.
Rxf2 Nge8 29. Bd1 Nd6 30. Ba4 Rf8 31. Rxf8 Kxf8 32. Bd1 Ke7 33. Bg4 1/2-1/2

[Event "Olomouc Chess Summer 2017 - GM"]
[Site "Olomouc (CZE)"]
[Date "2017.08.16"]
[Round "6.2"]
[White "Yagupov 2395, Igor"]
[Black "Vokac 2416, Marek"]
[Result "1/2-1/2"]
[WhiteElo "2395"]
[BlackElo "2416"]
[PlyCount "86"]
[EventDate "2017.??.??"]

1. e4 e5 2. Nf3 Nc6 3. Bb5 a6 4. Ba4 d6 5. c3 Bd7 6. d4 g6 7. O-O Bg7 8. Re1 b5
9. Bc2 Nf6 10. Nbd2 O-O 11. dxe5 Nxe5 12. Nxe5 dxe5 13. Nb3 Qe7 14. Be3 Rfd8
15. Qe2 Ng4 16. Bc5 Qh4 17. h3 Nf6 18. Na5 Nh5 19. Qf3 Be6 20. Rad1 Nf4 21. Bb3
Qf6 22. Kh2 Bxb3 23. axb3 Qe6 24. Be3 Bf8 25. Qg4 Qf6 26. g3 Ne6 27. Kg2 Bc5
28. Qf3 Qxf3+ 29. Kxf3 Bxe3 30. Kxe3 Rxd1 31. Rxd1 Rd8 32. Rd5 Rxd5 33. exd5
Nd8 34. Ke4 f6 35. d6 c6 36. Nxc6 Nxc6 37. Kd5 Nd8 38. c4 Kf7 39. c5 Ke8 40. c6
Nf7 41. h4 e4 42. Ke6 Nd8+ 43. Kd5 Nf7 1/2-1/2

[Event "Olomouc Chess Summer 2017 - GM"]
[Site "Olomouc (CZE)"]
[Date "2017.08.16"]
[Round "6.3"]
[White "Saiyn 2381, Zhanat"]
[Black "Torma 2492, Robert"]
[Result "0-1"]
[WhiteElo "2381"]
[BlackElo "2492"]
[PlyCount "64"]
[EventDate "2017.??.??"]

1. d4 f5 2. Nc3 Nf6 3. Bg5 d5 4. Bxf6 exf6 5. e3 Be6 6. Bd3 Nc6 7. a3 Qd7 8.
Nce2 Bd6 9. Rc1 O-O-O 10. Nf3 g5 11. c4 dxc4 12. Bxc4 Bxc4 13. Rxc4 Ne5 14. Rc3
Nxf3+ 15. gxf3 f4 16. h3 fxe3 17. fxe3 h5 18. Qd3 f5 19. Kd2 Kb8 20. Rcc1 Qe6
21. Rhg1 g4 22. hxg4 hxg4 23. fxg4 fxg4 24. Qc4 Qg6 25. Rcf1 Rde8 26. Qd3 Qxd3+
27. Kxd3 Rh3 28. Nf4 Rhxe3+ 29. Kc4 g3 30. Nh5 a6 31. Ng7 c6 32. Nxe8 b5# 0-1

[Event "Olomouc Chess Summer 2017 - GM"]
[Site "Olomouc (CZE)"]
[Date "2017.08.16"]
[Round "6.4"]
[White "Biolek-Jun. 2444, Richard"]
[Black "Rosner 2405, Jonas"]
[Result "1/2-1/2"]
[WhiteElo "2444"]
[BlackElo "2405"]
[PlyCount "109"]
[EventDate "2017.??.??"]

1. e4 c6 2. d4 d5 3. Nc3 dxe4 4. Nxe4 Bf5 5. Ng3 Bg6 6. Nh3 Nf6 7. Nf4 e5 8.
Nxg6 hxg6 9. dxe5 Qa5+ 10. Bd2 Qxe5+ 11. Qe2 Nbd7 12. Qxe5+ Nxe5 13. Bc3 Ned7
14. Be2 Bc5 15. O-O O-O 16. Bf3 Rfe8 17. Rfe1 Nb6 18. b4 Bf8 19. a3 Nc4 20.
Rxe8 Rxe8 21. Bd4 a6 22. Be2 Nd6 23. Kf1 Nd5 24. c4 Nf4 25. c5 Nf5 26. Nxf5
Nxe2 27. Re1 gxf5 28. Rxe2 Rd8 29. Rd2 f6 30. Ke2 Kf7 31. Kd3 a5 32. Kc4 axb4
33. axb4 Ra8 34. Be3 Ke6 35. Bf4 g5 36. Bc7 Be7 37. f4 Ra1 38. g3 g4 39. Re2+
Kd7 40. Ba5 Rc1+ 41. Kb3 Rb1+ 42. Kc3 Rc1+ 43. Kb2 Rd1 44. Bb6 Rd3 45. Kc2 Ra3
46. Rd2+ Ke6 47. Re2+ Kd7 48. Rd2+ Ke6 49. Kb2 Re3 50. Bc7 Re1 51. Kb3 Rb1+ 52.
Kc4 Rc1+ 53. Kd4 Rb1 54. Ba5 Ra1 55. Re2+ 1/2-1/2

[Event "Olomouc Chess Summer 2017 - GM"]
[Site "Olomouc (CZE)"]
[Date "2017.08.16"]
[Round "6.5"]
[White "Pulpan 2390, Jakub"]
[Black "Domogaev 2400, Sergey"]
[Result "1-0"]
[WhiteElo "2390"]
[BlackElo "2400"]
[PlyCount "119"]
[EventDate "2017.??.??"]

1. e4 e5 2. Nf3 Nf6 3. Nxe5 d6 4. Nf3 Nxe4 5. Nc3 Nf6 6. d4 Be7 7. Bd3 O-O 8.
h3 c6 9. O-O Nbd7 10. Ne2 Re8 11. Ng3 g6 12. Bh6 Nf8 13. Qd2 Ne6 14. Rfe1 a5
15. a4 Bd7 16. Nf5 gxf5 17. Rxe6 Ne4 18. Rxe4 fxe4 19. Qf4 Bf8 20. Bg5 Be7 21.
Bxe4 f5 22. Bxf5 Bxf5 23. Qxf5 Bxg5 24. Nxg5 Qe7 25. Ra3 Rf8 26. Qg4 Rf6 27.
Rg3 Kh8 28. d5 cxd5 29. Qd4 Qe1+ 30. Kh2 Qe5 31. Qd3 Qf5 32. Qc3 Raf8 33. Qxa5
Qxc2 34. Qxd5 Qc7 35. Qd4 Qc5 36. Qe4 Qc7 37. b4 h6 38. Nf3 Rg8 39. Nd4 Rxg3
40. fxg3 Qf7 41. a5 Rf1 42. Nf3 Qc7 43. Qd4+ Kg8 44. Nd2 Rc1 45. Qd5+ Qf7 46.
Qxd6 Rc2 47. Nf3 Rc6 48. Qd8+ Qf8 49. Qd5+ Kh8 50. b5 Qd6 51. Qe4 Rc7 52. Qe8+
Kh7 53. Qe4+ Qg6 54. Qe5 Qg7 55. Qd6 Qd7 56. Qe5 Qg7 57. Qe3 Re7 58. Qa3 Rd7
59. Qb4 Qf6 60. Qe4+ 1-0

[Event "Olomouc Chess Summer 2017 - GM"]
[Site "Olomouc (CZE)"]
[Date "2017.08.16"]
[Round "6.6"]
[White "Neuman 2457, Petr"]
[Black "Cernousek 2447, Lukas"]
[Result "1/2-1/2"]
[WhiteElo "2457"]
[BlackElo "2447"]
[PlyCount "38"]
[EventDate "2017.??.??"]

1. d4 d5 2. c4 dxc4 3. Nf3 Nf6 4. e3 e6 5. Bxc4 c5 6. O-O a6 7. dxc5 Qxd1 8.
Rxd1 Bxc5 9. Nbd2 Nc6 10. Nb3 Be7 11. Bd2 O-O 12. Rac1 Rd8 13. Nfd4 Nxd4 14.
Nxd4 Bd7 15. Be2 Nd5 16. Bf3 Ba4 17. b3 Be8 18. Ba5 Rdc8 19. Bxd5 exd5 1/2-1/2

[Event "Olomouc Chess Summer 2017 - GM"]
[Site "Olomouc (CZE)"]
[Date "2017.08.16"]
[Round "7.1"]
[White "Cernousek 2447, Lukas"]
[Black "Camarena Gimenez 2363, Rufino"]
[Result "1-0"]
[WhiteElo "2447"]
[BlackElo "2363"]
[PlyCount "77"]
[EventDate "2017.??.??"]

1. e4 e6 2. d4 d5 3. Nc3 Nf6 4. e5 Nfd7 5. f4 c5 6. Nf3 Nc6 7. Be3 Be7 8. Qd2
O-O 9. dxc5 Bxc5 10. O-O-O Qa5 11. a3 Rb8 12. Bxc5 Nxc5 13. Qe3 Na4 14. Nxa4
Qxa4 15. Nd4 Bd7 16. Bb5 Qa5 17. Bxc6 bxc6 18. Nb3 Qb6 19. Qd4 Bc8 20. Rhe1 Rd8
21. g4 Qc7 22. Re3 a5 23. Rc3 Ba6 24. f5 exf5 25. gxf5 Re8 26. Re3 Bc4 27. Nc5
Rb5 28. Rg1 Kh8 29. f6 g6 30. Qf4 Qc8 31. Qh6 Rg8 32. Rh3 Qxh3 33. Qxh3 Rxc5
34. Rg4 Be2 35. Rh4 Bh5 36. Qd7 d4 37. Qe7 Rd5 38. b3 c5 39. e6 1-0

[Event "Olomouc Chess Summer 2017 - GM"]
[Site "Olomouc (CZE)"]
[Date "2017.08.16"]
[Round "7.2"]
[White "Domogaev 2400, Sergey"]
[Black "Neuman 2457, Petr"]
[Result "1/2-1/2"]
[WhiteElo "2400"]
[BlackElo "2457"]
[PlyCount "20"]
[EventDate "2017.??.??"]

1. d4 d5 2. c4 c6 3. e3 Bf5 4. Nc3 e6 5. Nf3 Nd7 6. Qb3 Qb6 7. Be2 h6 8. O-O
Ngf6 9. Bd2 Be7 10. Rac1 O-O 1/2-1/2

[Event "Olomouc Chess Summer 2017 - GM"]
[Site "Olomouc (CZE)"]
[Date "2017.08.16"]
[Round "7.3"]
[White "Rosner 2405, Jonas"]
[Black "Pulpan 2390, Jakub"]
[Result "1/2-1/2"]
[WhiteElo "2405"]
[BlackElo "2390"]
[PlyCount "78"]
[EventDate "2017.??.??"]

1. e4 c5 2. Nf3 d6 3. Bb5+ Bd7 4. Bxd7+ Nxd7 5. O-O Ngf6 6. Qe2 e6 7. b3 Be7 8.
Bb2 O-O 9. c4 a6 10. d4 cxd4 11. Nxd4 Rc8 12. Nc3 Qa5 13. Rad1 Qh5 14. Qxh5
Nxh5 15. g3 Nhf6 16. f4 Rfd8 17. Rfe1 Kf8 18. Kg2 Nb8 19. f5 Nc6 20. Nde2 Ne5
21. Nd4 Nc6 22. Nxc6 Rxc6 23. fxe6 fxe6 24. e5 dxe5 25. Rxd8+ Bxd8 26. Rxe5 Kf7
27. Re2 Rd6 28. Ba3 Rc6 29. Ne4 Nxe4 30. Rxe4 Bf6 31. Re2 b5 32. cxb5 axb5 33.
Bb4 Bd4 34. Be1 e5 35. Bf2 Bxf2 36. Kxf2 Ke6 37. a4 Rc3 38. Re3 Rc2+ 39. Re2
Rc3 1/2-1/2

[Event "Olomouc Chess Summer 2017 - GM"]
[Site "Olomouc (CZE)"]
[Date "2017.08.16"]
[Round "7.4"]
[White "Torma 2492, Robert"]
[Black "Biolek-Jun. 2444, Richard"]
[Result "0-1"]
[WhiteElo "2492"]
[BlackElo "2444"]
[PlyCount "102"]
[EventDate "2017.??.??"]

1. d4 Nf6 2. c4 g6 3. g3 Bg7 4. Bg2 O-O 5. Nc3 d6 6. Nf3 Nc6 7. O-O Bf5 8. Ne1
e5 9. d5 Ne7 10. e4 Bd7 11. Nd3 Ne8 12. f4 exf4 13. Bxf4 h6 14. g4 g5 15. Bg3
Ng6 16. Qf3 Qe7 17. Rae1 Ne5 18. Nxe5 Bxe5 19. Bxe5 Qxe5 20. Rf2 Ng7 21. Ref1
f6 22. Nd1 Rf7 23. Ne3 b6 24. Qe2 a5 25. Qd2 Raf8 26. Re1 h5 27. Nf5 hxg4 28.
Nh6+ Kh7 29. Nxf7 Rxf7 30. Re3 Nh5 31. Qc3 Qxc3 32. Rxc3 Nf4 33. Rd2 Re7 34. b3
Be8 35. Rg3 Kh6 36. Kf2 Kh5 37. h3 gxh3 38. Bxh3 Rxe4 39. Bg4+ Kh6 40. Re3 Bg6
41. a3 Nd3+ 42. Rdxd3 Rxg4 43. Rh3+ Kg7 44. Rde3 Be4 45. b4 a4 46. c5 dxc5 47.
bxc5 bxc5 48. Rc3 Bxd5 49. Rxc5 c6 50. Ra5 Rc4 51. Ra8 Kg6 0-1

[Event "Olomouc Chess Summer 2017 - GM"]
[Site "Olomouc (CZE)"]
[Date "2017.08.16"]
[Round "7.5"]
[White "Vokac 2416, Marek"]
[Black "Saiyn 2381, Zhanat"]
[Result "1/2-1/2"]
[WhiteElo "2416"]
[BlackElo "2381"]
[PlyCount "88"]
[EventDate "2017.??.??"]

1. d4 Nf6 2. c4 e6 3. Nf3 Bb4+ 4. Bd2 Bxd2+ 5. Qxd2 O-O 6. Nc3 d6 7. g3 Nc6 8.
Bg2 e5 9. O-O Bg4 10. d5 Bxf3 11. exf3 Na5 12. b3 c5 13. f4 exf4 14. Qxf4 Qd7
15. Rae1 a6 16. Bf3 Rfe8 17. Kg2 Rad8 18. g4 Rxe1 19. Rxe1 Re8 20. Rxe8+ Nxe8
21. g5 b5 22. Be2 b4 23. Ne4 g6 24. Bg4 Qd8 25. h4 h5 26. Bh3 Nb7 27. Qe3 a5
28. Nd2 Kf8 29. f4 f5 30. gxf6 Qxf6 31. Nf3 Nd8 32. Ng5 Qb2+ 33. Qf2 Qxf2+ 34.
Kxf2 Ng7 35. Ke3 Ke7 36. Ke4 Nf7 37. Nxf7 Kxf7 38. f5 Kf6 39. fxg6 Kxg6 40. Bd7
Kf6 41. Kf4 Kg6 42. Ke4 Kf6 43. Kf4 Kg6 44. Ke4 Kf6 1/2-1/2

[Event "Olomouc Chess Summer 2017 - GM"]
[Site "Olomouc (CZE)"]
[Date "2017.08.16"]
[Round "7.6"]
[White "Koksal 2360, Ege"]
[Black "Yagupov 2395, Igor"]
[Result "1/2-1/2"]
[WhiteElo "2360"]
[BlackElo "2395"]
[PlyCount "37"]
[EventDate "2017.??.??"]

1. d4 d5 2. Nf3 Nf6 3. Bf4 c5 4. e3 Nc6 5. Nbd2 e6 6. c3 Bd6 7. Bg3 O-O 8. Bb5
Ne7 9. Bd3 cxd4 10. cxd4 b6 11. Qe2 Bb7 12. O-O Bxg3 13. hxg3 Rc8 14. Rfc1
Rxc1+ 15. Rxc1 Qb8 16. Ne5 Rc8 17. Qd1 Rxc1 18. Qxc1 Qc8 19. Qxc8+ 1/2-1/2

[Event "Olomouc Chess Summer 2017 - IM 1"]
[Site "Olomouc (CZE)"]
[Date "2017.08.16"]
[Round "6.1"]
[White "Mukashev 2199, Assan"]
[Black "Brhel 2113, Jan"]
[Result "1/2-1/2"]
[WhiteElo "2199"]
[BlackElo "2113"]
[PlyCount "22"]
[EventDate "2017.??.??"]

1. d4 d5 2. c4 c6 3. Nf3 Nf6 4. e3 Bg4 5. h3 Bh5 6. Be2 Nbd7 7. Nbd2 e6 8. Ne5
Bxe2 9. Qxe2 Nxe5 10. dxe5 Nd7 11. f4 Qh4+ 1/2-1/2

[Event "Olomouc Chess Summer 2017 - IM 1"]
[Site "Olomouc (CZE)"]
[Date "2017.08.16"]
[Round "6.2"]
[White "Hoefelsauer 2357, Thomas"]
[Black "Chkhaidze 2367, Nikoloz"]
[Result "1-0"]
[WhiteElo "2357"]
[BlackElo "2367"]
[PlyCount "49"]
[EventDate "2017.??.??"]

1. d4 d6 2. Nf3 Bg4 3. e4 Nf6 4. Nc3 e6 5. Be3 d5 6. h3 Bh5 7. exd5 exd5 8. Qe2
Bxf3 9. Qxf3 Bb4 10. Bd3 c5 11. dxc5 Nc6 12. a3 Ba5 13. Bd2 O-O 14. O-O Nd4 15.
Qg3 Bxc3 16. Bxc3 Ne4 17. Qe5 Ne6 18. Bxe4 dxe4 19. Rad1 Qg5 20. Qxg5 Nxg5 21.
Rd7 Rab8 22. Be5 Rbd8 23. Rxb7 Rd5 24. Bd6 Re8 25. Rxa7 1-0

[Event "Olomouc Chess Summer 2017 - IM 1"]
[Site "Olomouc (CZE)"]
[Date "2017.08.16"]
[Round "6.3"]
[White "Nagy 2472, Gabor"]
[Black "Kulkarni 2291, Bhakti"]
[Result "1-0"]
[WhiteElo "2472"]
[BlackElo "2291"]
[PlyCount "85"]
[EventDate "2017.??.??"]

1. e4 e5 2. Nf3 Nc6 3. Bb5 d6 4. O-O Bd7 5. d4 Nge7 6. Nc3 Ng6 7. Nd5 h6 8.
dxe5 Ncxe5 9. Nxe5 dxe5 10. Bxd7+ Qxd7 11. Qf3 c6 12. Ne3 Bc5 13. Nf5 O-O-O 14.
Be3 Bxe3 15. Qxe3 Kb8 16. g3 f6 17. Qf3 Qf7 18. Qh5 Rhg8 19. Rad1 Nh8 20. Qg4
Rxd1 21. Rxd1 h5 22. Qh3 Rf8 23. Nd6 Qe7 24. Nc4 Nf7 25. Qxh5 Ng5 26. Qe2 Rh8
27. c3 Nh3+ 28. Kf1 Kc7 29. Ne3 Ng5 30. h4 Ne6 31. Qc4 Qf7 32. Qb4 Qf8 33. Qc4
Qe8 34. Qd3 Kb8 35. Qd6+ Ka8 36. Qd7 Qg8 37. Qe7 Qc8 38. Nf5 Re8 39. Qf7 Rf8
40. Qd7 Qxd7 41. Rxd7 g6 42. Nd6 Nc5 43. Rg7 1-0

[Event "Olomouc Chess Summer 2017 - IM 1"]
[Site "Olomouc (CZE)"]
[Date "2017.08.16"]
[Round "6.4"]
[White "Chetverik 2250, Maxim"]
[Black "Szotkowski 2374, Jakub"]
[Result "1/2-1/2"]
[WhiteElo "2250"]
[BlackElo "2374"]
[PlyCount "69"]
[EventDate "2017.??.??"]

1. d4 Nf6 2. c4 e6 3. Nf3 b6 4. g3 Bb7 5. Bg2 g6 6. Be3 Bg7 7. Qc1 O-O 8. Bh6
Nc6 9. Bxg7 Kxg7 10. O-O Ne7 11. Nc3 c5 12. dxc5 bxc5 13. Rd1 Bc6 14. b3 Qc7
15. Qa3 d6 16. Rd2 Nf5 17. Rad1 a6 18. Qb2 e5 19. Ne1 h5 20. Bxc6 Qxc6 21. Nd5
Ne4 22. Rd3 f6 23. e3 Ng5 24. h4 Ne6 25. R3d2 Ra7 26. Qc2 Kh8 27. Nc3 Nc7 28.
Qe4 Qd7 29. Kh2 Ne8 30. Nf3 Qh7 31. Kg2 Rg8 32. Qc6 Qb7 33. Qxb7 Rxb7 34. Ne4
Kg7 35. Ne1 1/2-1/2